UK Residential Market Survey (Record no. 121970)
[ view plain ]
| 000 -LEADER | |
|---|---|
| fixed length control field | 01885nam a22002057a 4500 |
| 008 - FIXED-LENGTH DATA ELEMENTS--GENERAL INFORMATION | |
| fixed length control field | 240614e20240711xxk|||||o|||| 00| 0 eng d |
| 041 ## - LANGUAGE CODE | |
| Language code of text/sound track or separate title | eng |
| 110 ## - MAIN ENTRY--CORPORATE NAME | |
| Corporate author | Royal Institution of Chartered Surveyors |
| 245 ## - TITLE STATEMENT | |
| Title | UK Residential Market Survey |
| Subtitle | June 2024 |
| Medium | [Electronic resource] |
| 260 ## - PUBLICATION INFORMATION | |
| Place of publication | London, |
| Publisher | Royal Institution of Chartered Surveyors, |
| Date | July 2024 |
| 300 ## - PHYSICAL DESCRIPTION | |
| Physical description | 18p |
| 490 ## - SERIES TITLE | |
| Series statement | RICS UK Residential Market Survey |
| 520 ## - ABSTRACT | |
| Abstract | The June 2024 RICS Residential Survey results <br/>continue to point to a relatively subdued market <br/>backdrop at present, with indicators on buyer <br/>demand, sales and prices remaining in slightly <br/>negative territory. That said, despite recent months <br/>showing a softening in momentum, respondents <br/>expectations have now turned a little more <br/>optimistic with regards to the near-term outlook <br/>for sales activity.<br/>At a headline level, the new buyer enquiries <br/>measure posted a net balance reading of -7% in <br/>June, broadly in-line with the figure of -8% returned <br/>last month. As such, this indicator continues to <br/>signal a modest weakening in demand from home <br/>buyers, marking the third month in succession in <br/>which enquiries have reportedly slowed. <br/>At the same time, the newly agreed sales gauge <br/>posted a net balance of -7% this month, marginally <br/>less negative than the reading of -13% seen in <br/>the previous iteration of the survey. These two <br/>downbeat readings following a brief period of <br/>recovery earlier in the year, which looks to have <br/>slipped into reverse of late. |
| 650 ## - KEYWORDS | |
| Keywords | HOUSING MARKET |
| 650 ## - KEYWORDS | |
| Keywords | RESIDENTIAL PROPERTY |
| 651 ## - SUBJECT ADDED ENTRY--GEOGRAPHIC NAME | |
| Geographic name | United Kingdom |
| 710 ## - ADDED CORPORATE NAME | |
| Added corporate author | Royal Institution of Chartered Surveyors |
| 856 ## - ONLINE RESOURCE | |
| Uniform Resource Identifier | <a href="https://www.rics.org/content/dam/ricsglobal/documents/market-surveys/uk-residential-market-survey/June-2024-RICS-UK-Residential-Market-Survey.pdf">https://www.rics.org/content/dam/ricsglobal/documents/market-surveys/uk-residential-market-survey/June-2024-RICS-UK-Residential-Market-Survey.pdf</a> |
| Public note | Available free on RICS.org |
| 942 ## - ADDED ENTRY ELEMENTS (KOHA) | |
| Suppress in OPAC | Do not suppress in OPAC |
| Lost status | Damaged status | Not for loan | Current library | Shelving location | Date acquired | Total Checkouts | Full call number | Date last seen | Price effective from | Koha item type |
|---|---|---|---|---|---|---|---|---|---|---|
| Virtual | Online | 11/07/2024 | PROPERTY MARKET DATA | 11/07/2024 | 11/07/2024 | Online material |